000 00648nam a2200265Ia 4500
005 20260121170921.0
008 008 260114s9999 xx 000 0 eng d
020 _a9789811321498
037 _aEBOOK
040 _aCRL
040 _beng
040 _cCRL
041 _2eng
041 _aeng
084 _qCRL
100 _aTatsuo Hatta, Shinya Ouchi
_91069770
245 0 _aSeverance Payment and Labor Mobility
260 _bSpringer
260 _bSpringer
260 _c2018
856 _uhttps://link.springer.com/openurl?genre=book&isbn=978-981-13-2149-8
942 _cEBOOK
999 _c1635500
_d1635500